Yazlar da Geçer (Kayıt no. 1282126)

MARC ayrıntıları
000 -LEADER
sabit uzunluktaki kontrol alanı 00276nam a2200109Ia 4500
001 - KONTROL NUMARASI
kontrol alanı 1282126
005 - EN SON İŞLEMİN TARİH VE ZAMANI
kontrol alanı 20260417163659.0
008 - SABİT-UZUNLUKTA VERİ ÖĞELERİ--GENEL BİLGİ
sabit uzunluktaki kontrol alanı 260417s9999 xx 000 0 und d
020 ## - ULUSLARARASI STANDART KİTAP NUMARASI
Uluslararası Standart Kitap Numarası 9789752123380
245 #0 - ESER / YAZAR
ESER ADI Yazlar da Geçer
Yazar Adı Aydoğan Yavaşlı
260 ## - YAYIN, DAĞITIM, VB.
YAYIN EVİ Altın Kitaplar
Mevcut
Düşüm durumu Kayıp durumu Hasar Durumu Ödünç verilmez Ana kütüphane Geçerli Kütüphane Edinilen tarih Toplam ödünç verme sayısı Barkod Son görüntüleme tarihi Fiyatın geçerli olmaya başladığı tarih Koha materyal türü
        ŞEHİT MESUT ESAT KAYA İLKOKULU ŞEHİT MESUT ESAT KAYA İLKOKULU 17.04.2026   1106206 17.04.2026 17.04.2026 Kitaplar
Gemini Bilgi Teknolojileri A.Ş. tarafından düzenlenmiştir.